000 00930nam a2200313 i 4500
003 DO-SdBNP
005 20250403151832.0
007 ta
008 250403b2024 dr ||||| |||| 00| 0 spa d
020 _a9789945624496
040 _aDO-SdBNP
_bspa
_cBNPHU
_erda
041 _hspa
082 4 _a972.9304
_bZ12v 2024
_222
100 1 _aZabala, Roque,
_eautor
_4aut.
_922941
245 1 0 _a27 de febrero /
_bRoque Zabala.
246 1 0 _aVeintisiete de febrero
250 _aSegunda edición
264 4 _aSanto Domingo :
_bFR Multiservicios, SRL,
_c©2024.
300 _a443 páginas ;
_c24 cm.
336 _atexto
_btxt
_2rdacontent
337 _asin mediación
_bn
_2rdamedia
338 _avolumen
_bnc
_2rdacarrier
504 _aBibliografía : páginas 436-443
590 _aInventariado, 2024/BT
651 4 _aRepública Dominicana
_xHistoria
_y1844-1930
_918262
700 _922942
910 _aBtavárez
942 _2ddc
_cLBS1
999 _c58611
_d58611